000 01036nam0a22002171 4500
001 rc\1174970
005 20250622210633.0
035 _a(NLR Aleph) 006417701
090 _a5414684
_c5414684
100 _a20041129d1980 |||y0rusy50 ca
101 0 _arus
102 _aRU
105 _ay |||||||||
200 1 _aВременные рекомендации по борьбе с пастереллезом свиней в Узбекистане
_e[Метод. указания]
_fМ-во сел. хоз-ва УзССР. Гл. упр. пропаганды и внедрения достижений науки, техники и передового опыта
_g[Сост. к. в. н. П.С. Рогожиным]
210 _aТашкент
_cУпр. пропаганды и внедрения достижений науки, техники и передового опыта МСХ УзССР
_d1980
215 _a8 с.
_d22
801 0 _aRU
_bNLR
_gpsbo
801 1 _aRU
_bELAR
_2rusmarc
852 _aNLR
_j80-6/2893
942 _cBOOK
980 _aNB